INFORME FINAL DEL EJERCICIO PROFESIONAL SUPERVISADO REALIZADO EN GRANJA CHISAC, S. A., UBICADA EN EL MUNICIPIO DE TACTIC, ALTA VERAPAZ./ (Registro nro. 2346)
[ vista simple ]
| 000 -LEADER | |
|---|---|
| campo de control de longitud fija | 03711nam a22003257a 4500 |
| 001 - NÚMERO DE CONTROL | |
| campo de control | TZ 0051 |
| 003 - IDENTIFICADOR DE NÚMERO DE CONTROL | |
| campo de control | gtcocun |
| 005 - FECHA Y HORA DE LA ÚLTIMA TRANSACCIÓN | |
| campo de control | 20251014200830.0 |
| 006 - CÓDIGOS DE INFORMACIÓN DE LONGITUD FIJA--CARACTERÍSTICAS DEL MATERIAL ADICIONAL | |
| campo de control de longitud fija | a||||gr|||| 00| 0 |
| 007 - CAMPO FIJO DE DESCRIPCIÓN FÍSICA--INFORMACIÓN GENERAL | |
| campo de control de longitud fija | ta |
| 008 - DATOS DE LONGITUD FIJA--INFORMACIÓN GENERAL | |
| campo de control de longitud fija | 251014b2015 gt ||||| m||| 00| 0 eng d |
| 040 ## - FUENTE DE CATALOGACIÓN | |
| Centro catalogador/agencia de origen | gtcocun |
| Lengua de catalogación | SPA |
| Centro/agencia transcriptor | gtcocun |
| Normas de descripción | RDA |
| 041 ## - CÓDIGO DE IDIOMA | |
| Código de lengua del texto/banda sonora o título independiente | SPA TZ 0051 |
| 084 ## - OTRO NÚMERO DE CLASIFICACIÓN | |
| Número de control del registro de autoridad o número normalizado | TZ 0051 |
| 100 ## - ENTRADA PRINCIPAL--NOMBRE DE PERSONA | |
| Nombre de persona | García Milián, Dora Lisseth |
| Término indicativo de función/relación | Autor |
| 245 ## - MENCIÓN DEL TÍTULO | |
| Título | INFORME FINAL DEL EJERCICIO PROFESIONAL SUPERVISADO REALIZADO EN GRANJA CHISAC, S. A., UBICADA EN EL MUNICIPIO DE TACTIC, ALTA VERAPAZ./ |
| Mención de responsabilidad, etc. | Dora Lisseth García Milián. |
| Medio | Impreso |
| 264 ## - PRODUCCIÓN, PUBLICACIÓN, DISTRIBUCIÓN, FABRICACIÓN Y COPYRIGHT | |
| Producción, publicación, distribución, fabricación y copyright | Cobán, Alta Verapaz: |
| Nombre del de productor, editor, distribuidor, fabricante | Universidad de San Carlos de Guatemala, Centro Universitario del Norte, Zootecnia |
| Fecha de producción, publicación, distribución, fabricación o copyright | 2015 |
| 300 ## - DESCRIPCIÓN FÍSICA | |
| Extensión | 115 |
| Otras características físicas | Ilustraciones, gráficas. |
| Dimensiones | 28 cm; |
| 336 ## - TIPO DE CONTENIDO | |
| Fuente | rdacontenido |
| Término de tipo de contenido | Texto |
| Código de tipo de contenido | txt |
| 337 ## - TIPO DE MEDIO | |
| Fuente | rdamedio |
| Nombre/término del tipo de medio | Computadora |
| Código del tipo de medio | n |
| 338 ## - TIPO DE SOPORTE | |
| Fuente | rdasoporte |
| Nombre/término del tipo de soporte | Código en línea |
| Código del tipo de soporte | cr |
| 502 ## - NOTA DE TESIS | |
| identificador de la tesis | TZ 0051 |
| 502 ## - NOTA DE TESIS | |
| Nota de tesis | Tesis de grado |
| Tipo de título | Zootecnia, |
| Nombre de la institución que otorga el título | Universidad de San Carlos de Guatemala, Centro Universitario del Norte, Zootecnia |
| Año de obtención del título | 2015 |
| Identificador de la tesis | TZ 0051 |
| 520 14 - RESUMEN, ETC. | |
| Sumario, etc. | Durante la realización del Ejercicio Profesional Supervisado (EPS) de la<br/>carrera de Licenciatura en Zootecnia, por medio de un diagnóstico se identificaron y jerarquizaron los problemas que afectaban el rendimiento de las aves y trabajadores de Granja Chisac, S. A., ubicada en el municipio de Tactic, Alta Verapaz.<br/><br/>En tal sentido se planificaron y desarrollaron acciones correctivas, entre<br/>las que se realizó un manual de funciones y operaciones de la granja, un formato de tiempos para las actividades a realizar en los galpones automatizados, actualización de curvas de desarrollo corporal y postura,<br/>comparación del peso ideal y real de las aves en producción, conteo de las aves<br/>del lote nuevo desde su recepción hasta el traslado; cálculo de porcentaje de<br/>mortalidad y registro de consumo de alimento, elaboración de catálogo de<br/>vacunas y medicamentos para las aves, señalización y rotulación de las diversas<br/>áreas de la granja, un formato para anotar datos de recolección diaria de huevo.<br/><br/>Al participar en las actividades cotidianas, como recolección de huevo diario, suministro de alimento, revisión de las condiciones de las galeras, fue posible adquirir nuevos conocimientos de manejo de aves productoras de huevo comercial y observar otros inconvenientes que no se<br/>contemplaron dentro del plan de trabajo.<br/><br/>Como actividades de extensión y servicio se llevó a cabo la difusión de un documental de la granja Chisac S.A a estudiantes de establecimientos educativos del municipio de Cobán, A. V., se realizó una encuesta a<br/>pobladores de aldea Tampó, Tactic, Alta Verapaz, para posteriormente proceder a la vacunación de aves de traspatio en aldeas aledañas a la granja, para mejorar el ambiente de trabajo se programaron charlas motivacionales a trabajadores de la granja y finalmente la entrega de<br/>producto de donación a Escuela Tampó, Tactic, Alta Verapaz.<br/><br/>El conjunto de actividades desarrolladas permitió un control más efectivo y práctico para medir la eficiencia de aves y trabajadores, se contribuyó a la sistematización y ordenamiento de la jornada laboral y desarrollar procesos no considerados, con lo que se logró mayor eficiencia en cuanto a labor-tiempo se refiere. |
| 650 ## - PUNTO DE ACCESO ADICIONAL DE MATERIA--TÉRMINO DE MATERIA | |
| Fuente del encabezamiento o término | LEMB |
| Término de materia o nombre geográfico como elemento de entrada | Tactic, Alta Verapaz. |
| Subdivisión general | Zootecnia |
| -- | Diagnóstico |
| -- | Automatizados |
| -- | Granja Chisac |
| -- | Recolección |
| -- | Sistematización |
| 700 ## - ENTRADA AGREGADA--NOMBRE PERSONAL | |
| Nombre de persona | Lic. Zoot. Julio Antonio Estrada Osorio |
| Término indicativo de función/relación | Asesor |
| 856 ## - LOCALIZACIÓN Y ACCESO ELECTRÓNICOS | |
| Identificador Uniforme de Recurso | <a href="https://drive.google.com/file/d/19ZChKF2Tbs_cN-9LG5NBu6ytiAVXmIUc/view">https://drive.google.com/file/d/19ZChKF2Tbs_cN-9LG5NBu6ytiAVXmIUc/view</a> |
| Texto de enlace | |
| Nota pública | Un ejemplar en línea. |
| 942 ## - ELEMENTOS DE ENTRADA SECUNDARIOS (KOHA) | |
| Fuente de la clasificación o esquema de estantería | Clasificación Decimal Dewey |
| Tipo de ítem Koha | TESIS |
| Parte de la signatura que identifica el ejemplar (Parte del ítem) | TZ 0051 |
| Prefijo de la signatura | Clasificación |
| Suprimir en OPAC | No |
| -- | TZ_0051_000000000000000 |
| Estatus retirado | Estado de pérdida | Fuente de la clasificación o esquema de estantería | Estado de daño | No para préstamo | Colección | Biblioteca de origen | Biblioteca actual | Fecha de adquisición | Número de inventario | Total de préstamos | Signatura topográfica completa | Código de barras | Visto por última vez | Precio de reemplazo | Tipo de ítem Koha |
|---|---|---|---|---|---|---|---|---|---|---|---|---|---|---|---|
| Clasificación Decimal Dewey | tesis | BIBLIOTECA- CUNOR -JOSÉ LUIS GONZALES ROSALES | BIBLIOTECA- CUNOR -JOSÉ LUIS GONZALES ROSALES | 13/10/2025 | TZ 0051 | TZ 0051 | TZ 0051 | 13/10/2025 | 13/10/2025 | TESIS |